| 000 | 00789cam a2200157 4500500 | ||
|---|---|---|---|
| 005 | 20260111090202.0 | ||
| 041 | _afre | ||
| 042 | _adc | ||
| 100 | 1 | 0 |
_aLaplane, Dominique _eauthor |
| 245 | 0 | 0 | _aLa pensée sans langage |
| 260 | _c2001. | ||
| 500 | _a43 | ||
| 520 | _aRésuméSur la question des rapports entre la pensée et le langage, neurologues et philosophes sont souvent en opposition. La thèse ici défendue est qu’une pensée ne peut être complète sans l’intervention du langage, mais qu’elle existe, largement préformée, sur un mode non verbal. Le langage participerait à son parachèvement. | ||
| 786 | 0 | _nÉtudes | 394 | 3 | 2001-03-01 | p. 345-357 | 0014-1941 | |
| 856 | 4 | 1 | _uhttps://shs.cairn.info/revue-etudes-2001-3-page-345?lang=fr&redirect-ssocas=7080 |
| 999 |
_c1618577 _d1618577 |
||